000
00476nam a2200181Ia 4500
008
100917s9999 xx 000 0 und d
082
_b
60872
100
_a
भावे पु. भा.
245
_a
फुलवा
260
_b
कॉन्टिनेंटल बुक सर्व्हिस
_c
---
300
_a
111
365
_b
2.5
520
_a
कथा
630
_a
फुलवा
650
_a
कथा
730
_a
फुलवा
942
_c
BOOK
999
_c
666266
_d
666263